Biên soạn tài liệu dành cho cha mẹ trẻ khiếm thính trong chương trình can thiệp sớm cho trẻ khiếm thính tại trường phổ thông chuyên biệt Nguyễn Đình Chiểu

Cơ sở lý luận. Thực trạng công tác can thiệp sớm cho rẻ khiếm thính tại trường phổ thông chuyên biệt Nguyễn Đình Chiểu. Biên soạn tài liệu dành cho cha mẹ trẻ khiếm thính trong chương trình can thiệp sớm cho trẻ khiếm thính tại trường phổ thông chuyên biệt Nguyễn Đình Chiểu...

全面介紹

Đã lưu trong:
書目詳細資料
主要作者: Lê, Thị Giang
其他作者: Huỳnh, Thị Thu Hằng TS (Hướng dẫn)
格式: 圖書
語言:Vietnamese
出版: Đại học Đà Nẵng Trường đại học Sư Phạm 2010
叢編:Khóa luận tốt nghiệp đại học. Chuyên ngành: Sư phạm Giáo dục Đặc biệt
主題:
標簽: 添加標簽
沒有標簽, 成為第一個標記此記錄!
Thư viện lưu trữ: Mạng thư viện Đại học Đà Nẵng
LEADER 01835nam a2200349 4500
001 000012426
003 8722
005 20120220140218.0
008 120220s2010 viesd
041 |a vie 
072 |a Khóa luận tốt nghiệp 
082 |a 372.912  |b LE-G 
100 |a Lê, Thị Giang 
245 |a Biên soạn tài liệu dành cho cha mẹ trẻ khiếm thính trong chương trình can thiệp sớm cho trẻ khiếm thính tại trường phổ thông chuyên biệt Nguyễn Đình Chiểu  |c Lê, Thị Giang 
260 |a Đại học Đà Nẵng  |b Trường đại học Sư Phạm  |c 2010 
300 |a 57 tr.  |b hình mhọa  |c 29 cm 
490 |a Khóa luận tốt nghiệp đại học. Chuyên ngành: Sư phạm Giáo dục Đặc biệt 
500 |a Tham khảo tr.57 + phụ lục [8 tr. ] 
520 |a Cơ sở lý luận. Thực trạng công tác can thiệp sớm cho rẻ khiếm thính tại trường phổ thông chuyên biệt Nguyễn Đình Chiểu. Biên soạn tài liệu dành cho cha mẹ trẻ khiếm thính trong chương trình can thiệp sớm cho trẻ khiếm thính tại trường phổ thông chuyên biệt Nguyễn Đình Chiểu 
653 |a Khóa luận tốt nghiệp đại học 
653 |a Khoa Tâm lý - Giáo dục 
700 |a Huỳnh, Thị Thu Hằng  |c TS  |e Hướng dẫn 
OWN |a LSP 
AVA |a UDN50  |b LSP  |d 372.912 LE-G  |e available  |t Error 5001 Not defined in file expand_doc_bib_avail.  |f 1  |g 0  |h N  |i 0  |k 1 
999 |a From the UDN01 
AVA |a UDN50  |b LSP  |d 372.912 LE-G  |e available  |t Error 5001 Not defined in file expand_doc_bib_avail.  |f 1  |g 0  |h N  |i 0  |k 1 
TYP |a Monograph 
TYP |a Printed language 
980 |a Mạng thư viện Đại học Đà Nẵng